<?xml version="1.0" encoding="UTF-8"?>
<marc:record xmlns:marc="http://www.loc.gov/MARC21/slim">
   <marc:leader>00000nam a2200000 a 4500</marc:leader>
   <marc:datafield ind1=" " ind2=" " tag="653">
      <marc:subfield code="a">Schulinnovtionen</marc:subfield>
   </marc:datafield>
   <marc:datafield ind1=" " ind2=" " tag="653">
      <marc:subfield code="a">Datenbank</marc:subfield>
   </marc:datafield>
   <marc:datafield ind1=" " ind2=" " tag="653">
      <marc:subfield code="a">Kommunikation</marc:subfield>
   </marc:datafield>
   <marc:datafield ind1=" " ind2=" " tag="653">
      <marc:subfield code="a">EDV</marc:subfield>
   </marc:datafield>
   <marc:datafield ind1="0" ind2="0" tag="245">
      <marc:subfield code="a">Kokosnuss - Datenbank für Schulinnovationen</marc:subfield>
   </marc:datafield>
   <marc:datafield ind1=" " ind2="1" tag="264">
      <marc:subfield code="a">Klagenfurt</marc:subfield>
      <marc:subfield code="c">1996</marc:subfield>
   </marc:datafield>
   <marc:datafield ind1="1" ind2=" " tag="520">
      <marc:subfield code="a">Das 1991 präsentierte Handbuch für Schulinnovationen KOKOSNUSS (Kommunikation und Kooperation schaffen für neue Unternehmungen in Sachen Schulkultur) ist inzwischen von einer interdisziplinären Projektgruppe weiterentwickelt worden und liegt nun erstmals als Datenbank auf EDV vor, mit der sich jeder, der mit Windows vertraut ist, auf Anhieb auskennen wird. In der gegenwärtigen Version sind 124 Innovationen erfaßt, auf die entweder über "Themenfelder" zugegriffen werden kann (wie "Grenzverkehr"/Austausch zwischen Schule und Gesellschaft, "Differenzierungen"/mit Unterschieden leben lernen, "Miteinander"/Soziales Lernen im schulischen Alltag usw.) oder aber über "Schlüsselwörter" (alphabetisch von AIDS bis Zweisprachigkeit), wobei bis zu vier Begriffe mit UND oder ODER verknüpft werden können. Die Informationen sind jeweils über acht "Hintergrundfenster" strukturiert, aus denen sie über ein Editierfenster betrachtet, gedruckt oder in andere Programme übertragen werden können. Weiters kann nach Institutionen und Mitarbeitern gesucht werden, auch eine Notizfunktion ist integriert. Da sich die Herausgeber wünschen, daß die Datenbank unter Mitwirkung möglichst vieler ständig aktualisiert wird, ist auch die Neueingabe von Daten möglich - die Einsendung solcher Ergänzungen berechtigt zum kostenlosen Bezug von Updates, die andernfalls öS 50,- kosten sollen.</marc:subfield>
   </marc:datafield>
   <marc:datafield ind1="0" ind2=" " tag="490">
      <marc:subfield code="v">0</marc:subfield>
   </marc:datafield>
   <marc:datafield ind1=" " ind2=" " tag="300">
      <marc:subfield code="a">3 Disk</marc:subfield>
   </marc:datafield>
</marc:record>
